Vita e civiltà : testo illustrato di storia per i ginnasi e le scuole medie inferiori : con appendice di letture storico-letterarie del prof. Bevenuto Cestaro. Parte 2.
Saved in:
| Main Author: | |
|---|---|
| Format: | Book |
| Language: | Italian |
| Published: |
Torino
G. B. Paravia e C. edit. tip., 1924
1926
|
| Textbook Catalogue: | EDISCO: Library Catalog Search Result |
| Textbook Classification: | |
| Series: | Biblioteca di storia e geografia
|
| Tags: |
Add Tag
No Tags, Be the first to tag this record!
|
| Added to: | 2016-04-30 |
| Changed in: | 2017-10-18 |
MARC
| LEADER | 00000aam a22000007 4500 | ||
|---|---|---|---|
| 001 | 08691 | ||
| 003 | OSt | ||
| 005 | 20171018101006.0 | ||
| 008 | 160501s1926 it 000 0 ita | ||
| 040 | |c Marco Di Giovanni | ||
| 041 | 1 | |a ita | |
| 100 | 1 | |a Manfroni, Camillo | |
| 245 | 0 | 0 | |a Vita e civiltà : testo illustrato di storia per i ginnasi e le scuole medie inferiori : con appendice di letture storico-letterarie del prof. Bevenuto Cestaro. Parte 2. |
| 260 | |a Torino |b G. B. Paravia e C. edit. tip., 1924 |c 1926 | ||
| 300 | |a 274 p.: il, 2/5 ; |c in 8° | ||
| 490 | 1 | |a Biblioteca di storia e geografia | |
| 510 | 3 | |a L. 14.50 | |
| 901 | |a 7 | ||
| 942 | |2 ddc |c BK | ||
| 546 | |a ita | ||
| 999 | |c 8680 |d 8680 | ||
| 999 | |c edisco:8680 |d 8680 | ||